000 00694pam a2200217 a 4500
999 _c233322
_d233322
001 1444075
003 Nust
005 20170306192222.0
008 850426r1985 nyu 000 1 eng
010 _a 85040214
020 _a9780007247219
040 _aDLC
_cDLC
_dDLC
050 0 0 _aPR6023.E833
_bG66 1985
082 0 0 _a823.914
_bLES
100 1 _aLessing, Doris,
_d1919-2013.
245 1 4 _aThe good terrorist /
_cDoris Lessing.
250 _a1st American ed.
260 _aNew York :
_bKnopf :
_bDistributed by Random House,
_c1985.
300 _a396 p. ;
_c22 cm.
650 _aWomen terrorists
_xFiction
650 _aTerrorism
_xFiction
906 _a7
_bcbc
_corignew
_d1
_eocip
_f19
_gy-gencatlg
942 _2ddc
_cBK